000 00653nam a22001935i 4500
001 48838
003 ES-MaACL
005 20250827082504.0
007 t|
008 950907s1869 fr ||||1| fre d
040 _aCAM
_bspa
_cCAM
100 1 _aDixon, William Hepworth.
_944910
245 1 3 _aLa nouvelle Amérique /
_ctraduction de l'anglais avec une préface et la biographie d'Hepworth Dixon par Philarète Chasles.
260 _aParis :
_bA. Lacroix,
_c1869 (
_fL. Poupart-Davyl)
300 _a[4], VIII, 246 p. ;
_c23 cm.
700 1 _aChasles, Philarète,
_d1798-1873
_938156
852 _aES-MaACL
_jG-7649
999 _c48838
_d48838